03143nam a22003977i 4500001000800000003001000008007000500018008004100023040003500064041000800099043000700107084000700114100004000121245012100161246009400282264001100376300004600387336002700433337003300460338002800493500004600521504004500567520096800612520085501580650001802435650002802453650002002481700002302501700002202524700002502546700002202571700002302593700002102616700002202637773008602659B-11752CO-BoFNCPt|| 090305s2008 ck r spa d  aCO-BoFNCPbspacCO-BoFNCPerda aspa ack aA-1 aMartínez L., Gerardoeautor.4aut10aMicroorganismos asociados a la Pudrición del cogollo de la palma de aceite y su inoculación en palmas de vivero.2 aMicroorganisms associated with bud rot in oil palm and their inoculation in nursery palms 4c©2008 apáginas 19-30 :bTablas, fotografías. atextobtxt2rdacontent asin mediaciónbn2rdamedia avolumenbnc2rdacarrier aContiene resumen en español e inglés. aIncluye 36 referencias bibliográficas. aEn el estudio de los posibles microorganismos asociados con la Pudrición del cogollo (PC) de la Palma de aceite en Colombia, se procedió a aislar, identificar, purificar, desarrollar en medios artificiales y adelantar pruebas de patogenicidad con los agentes que, de acuerdo con la literatura y la experiencia de los investigadores, podrían tener mayores probabilidades de causar la enfermedad. Estos condujeron a descartar como responsables de la PC a Fusarium spp., Colletotrichum sp., Pestalotia sp., Rhizoctonia sp., Thielaviopsis sp., Nigrosposa sp., Curvularia sp., Alternaria spp., Helminthosporium spp., Diplodia sp. o Lasiodiplodia sp., así como a las bacterias de los géneros Erwinia y Pseudomonas, todos ellos encontrados frecuentemente en estados avanzados de desarrollo de la enfermedad. Los síntomas de la enfermedad no pudieron ser reproducidos en las inoculaciones de palmas con los diferentes aislamientos de estos hongos o bacterias. aIn the study of the microorganisms associated with he bud rot (PC) disease of the oil palm in Colombia, it was possible to isolate, identify, purify, growth in artificial media and develop pathogenicity test of the different agents that according with the literature and the experience of the research team might be associated with the disease. These studies indicated that the PC is not started by Fusarium sp., Colletotrichum sp., Pestalotia sp., Rhizoctonia sp., Thielaviopsis sp., Nigrosposa sp., Curvularia sp., Alternaria spp., Helminthosporium spp., Diplodia sp. o Lasiodiplodia sp., as well as with bacteria of the genus Erwinia or Pseudomonas, all of them observed frequently in advanced stages of the disease. The symptoms of the disease were not reproduced when oil palms were inoculated with different isolates of these fungi or bacteria. 0aPhytophthora. 0aPudrición del cogollo 0aPalma de aceite1 aAriza, Josué G. 1 aAya, Héctor A. 1 aRodríguez, Jessica1 aSarria, Greicy A.1 aTorres, Gabriel A.1 aVarón, Francia1 aVélez, Diana C.0 aPalmas (Colombia)gv. 29, no. 3 Edición especial (2008), p.19-30wA-x0121-2923